El poder político y el Estado (Registro nro. 31467)

Detalles MARC
000 -LEADER
fixed length control field 00307 a2200109 4500
001 - CONTROL NUMBER
control field ART_30495
005 - DATE AND TIME OF LATEST TRANSACTION
control field 20260410162003.0
008 - FIXED-LENGTH DATA ELEMENTS--GENERAL INFORMATION
fixed length control field 260409a
100 1# - MAIN ENTRY--PERSONAL NAME
Personal name Chantebout, Bernard
245 10 - TITLE STATEMENT
Title El poder político y el Estado
773 0# - HOST ITEM ENTRY
Title Foro político
Related parts - Vol. XIX (abr. 1997)
Record control number REV30389

No hay ítems disponibles.